|
|
|
|
| LEADER |
01212naa a2200265 i 4500 |
| 001 |
acta74181 |
| 005 |
20221108131927.0 |
| 008 |
220120s2022 hu o 1|| eng d |
| 024 |
7 |
|
|a 10.14232/syrptbrs.2022.55
|2 doi
|
| 040 |
|
|
|a SZTE Egyetemi Kiadványok Repozitórium
|b hun
|
| 041 |
|
|
|a eng
|
| 100 |
1 |
|
|a Sirbubalo Merima
|
| 245 |
1 |
0 |
|a Development of solid self-nanoemulsifying drug delivery systems (s-SNEDDS) for oral delivery of lysozyme
|h [elektronikus dokumentum] /
|c Sirbubalo Merima
|
| 260 |
|
|
|c 2022
|
| 300 |
|
|
|a 55
|
| 490 |
0 |
|
|a Symposium of Young Researchers on Pharmaceutical Technology, Biotechnology and Regulatory Science
|v 4
|
| 650 |
|
4 |
|a Orvos- és egészségtudomány
|
| 650 |
|
4 |
|a Általános orvostudomány
|
| 695 |
|
|
|a Gyógyszertechnológia - előadáskivonat, Biotechnológia - előadáskivonat, Gyógyszerkémia - előadáskivonat
|
| 700 |
0 |
1 |
|a Sovány Tamás
|e aut
|
| 700 |
0 |
1 |
|a Kristó Katalin
|e aut
|
| 700 |
0 |
1 |
|a Regdon Géza
|e aut
|
| 700 |
0 |
1 |
|a Vranić Edina
|e aut
|
| 710 |
|
|
|a Symposium of Young Researchers on Pharmaceutical Technology, Biotechnology and Regulatory Science (4.) (2022) (Szeged)
|
| 856 |
4 |
0 |
|u http://acta.bibl.u-szeged.hu/74181/1/syrptbrs_2022_055.pdf
|z Dokumentum-elérés
|